| 000 | 00513nam a2200181 i 4500 | ||
|---|---|---|---|
| 001 | 144230 | ||
| 003 | ES-MaACL | ||
| 005 | 20251130063155.0 | ||
| 007 | t| | ||
| 008 | 070214s1912 mx r ||||1| spa d | ||
| 100 | 1 |
_aSierra, Justo, _d1848-1912 _9160134 |
|
| 245 | 1 | 0 |
_aManual escolar de historia general / _cJusto Sierra. |
| 260 |
_aMéxico : _b[s.n.], _c1912. |
||
| 300 |
_a627 p. ; _c24 cm. |
||
| 650 | 7 |
_aHistoria universal _2embne _913429 |
|
| 852 |
_aES-MaACL _jG-4991 |
||
| 999 |
_c144230 _d144230 |
||